[Event "FIDE Women GP Monaco 2019"]
[Site "Monaco"]
[Date "2019.12.04"]
[Round "2.3"]
[White "Lagno, Kateryna"]
[Black "Gunina, Valentina"]
[Result "1-0"]
[WhiteElo "2547"]
[BlackElo "2492"]
[Annotator "ChessBase"]
[PlyCount "145"]
[EventDate "2019.12.03"]
[EventType "tourn"]
[EventCountry "MNC"]
[SourceTitle "playchess.com"]
[Source "ChessBase"]
[SourceQuality "1"]
[TimeControl "40/5400+30:1800+30"]

1. e4 {[%emt 0:00:00]} e5 {[%emt 0:00:00]} 2. Nf3 {[%emt 0:00:00]} Nc6 {[%emt 0:00:00]} 3. Bb5 {[%emt 0:00:00]} Nf6 {[%emt 0:00:34]} 4. O-O {[%emt 0:00:29]} Nxe4 {[%emt 0:00:53]} 5. Re1 {[%emt 0:00:12]} Nd6 {[%emt 0:00:30]} 6. Nxe5 {[%emt 0:00:13]} Nxe5 {[%emt 0:00:06]} 7. Rxe5+ {[%emt 0:00:04]} Be7 {[%emt 0:00:03]} 8. Bf1 {[%emt 0:00:18]} O-O {[%emt 0:00:31]} 9. d4 {[%emt 0:00:11]} Bf6 {[%emt 0:01:08]} 10. Re1 {[%emt 0:00:29]} Nf5 {[%emt 0:01:06]} 11. d5 {[%emt 0:00:29]} d6 {[%emt 0:20:00]} 12. Nd2 {[%emt 0:01:20]} c6 {[%emt 0:09:37]} 13. Ne4 {[%emt 0:05:56]} Be5 {[%emt 0:06:38]} 14. c3 {[%emt 0:01:01]} cxd5 {[%emt 0:21:11]} 15. Qxd5 {[%emt 0:00:20]} Be6 {[%emt 0:00:04]} 16. Qxb7 {[%emt 0:07:32]} Rb8 {[%emt 0:01:17]} 17. Qa6 d5 {[%emt 0:20:34]} 18. Ng5 {[%emt 0:06:06]} Rb6 {[%emt 0:11:46]} 19. Qe2 {[%emt 0:10:19]} Bb8 {[%emt 0:00:57]} 20. Qh5 {[%emt 0:01:53]} h6 {[%emt 0:00:00]} 21. Nxe6 {[%emt 0:00:26]} fxe6 {[%emt 0:00:02]} 22. Bd3 {[%emt 0:06:50]} Qf6 {[%emt 0:02:56]} 23. Bxf5 {[%emt 0:02:56]} exf5 {[%emt 0:00:30]} 24. Qf3 {[%emt 0:03:32]} Qd6 {[%emt 0:00:54]} 25. g3 {[%emt 0:02:30]} f4 {[%emt 0:00:15]} 26. gxf4 {[%emt 0:21:41]} Qd7 {[%emt 0:00:03]} 27. Be3 {[%emt 0:02:05]} Rxb2 {[%emt 0:00:41]} 28. Red1 {[%emt 0:00:30]} Qf7 {[%emt 0:01:07]} 29. Qxd5 {[%emt 0:01:44]} a6 {[%emt 0:00:30]} 30. Qxf7+ {[%emt 0:01:31]} Rxf7 {[%emt 0:00:23]} 31. Rab1 {[%emt 0:02:48]} Rxb1 {[%emt 0:00:15]} 32. Rxb1 {[%emt 0:00:03]} Bxf4 {[%emt 0:00:08]} 33. Bd4 {[%emt 0:04:50]} Rf5 {[%emt 0:00:07]} 34. Rb6 {[%emt 0:00:35]} Rg5+ {[%emt 0:00:44]} 35. Kh1 {[%emt 0:02:35]} Ra5 {[%emt 0:00:34]} 36. Rg6 {[%emt 0:00:45]} Rxa2 {[%emt 0:01:18]} 37. Rxg7+ {[%emt 0:00:08]} Kf8 {[%emt 0:00:02]} 38. Ra7 {[%emt 0:01:59]} a5 {[%emt 0:00:31]} 39. Kg2 {[%emt 0:01:23]} a4 {[%emt 0:00:09]} 40. c4 {[%emt 0:06:09]} Ke8 {[%emt 0:00:36]} 41. c5 {[%emt 0:30:24]} a3 {[%emt 0:06:59]} 42. h3 {[%emt 0:00:00]} Rd2 {[%emt 0:11:12]} 43. Bc3 {[%emt 0:00:00]} Rc2 {[%emt 0:01:25]} 44. Rxa3 {[%emt 0:00:00]} Be3 {[%emt 0:00:04]} 45. Be1 {[%emt 0:00:00]} Bxc5 {[%emt 0:00:37]} 46. Ra6 {[%emt 0:00:00]} Rc1 {[%emt 0:04:47]} 47. Re6+ {[%emt 0:00:00]} Kf7 {[%emt 0:00:13]} 48. Re2 {[%emt 0:00:00]} Bf8 {[%emt 0:00:36]} 49. Ba5 {[%emt 0:00:00]} Rc6 {[%emt 0:02:05]} 50. Rb2 {[%emt 0:00:00]} Rg6+ {[%emt 0:01:06]} 51. Kf1 {[%emt 0:00:00]} Rf6 {[%emt 0:00:09]} 52. Bb6 {[%emt 0:00:00]} Kg6 {[%emt 0:00:51]} 53. Be3 {[%emt 0:00:00]} Ra6 {[%emt 0:00:23]} 54. Kg2 {[%emt 0:00:00]} Re6 {[%emt 0:00:29]} 55. Rb5 {[%emt 0:00:00]} Be7 {[%emt 0:00:34]} 56. Kg3 {[%emt 0:02:31]} Bg5 {[%emt 0:04:06]} 57. Bd4 {[%emt 0:02:42]} Rd6 {[%emt 0:01:29]} 58. Be5 {[%emt 0:00:47]} Rd3+ {[%emt 0:00:07]} 59. f3 {[%emt 0:01:50]} Ra3 {[%emt 0:02:37]} 60. h4 {[%emt 0:00:32]} Be7 {[%emt 0:00:52]} 61. h5+ {[%emt 0:00:44]} Kf7 {[%emt 0:00:01]} 62. Rb6 {[%emt 0:01:20]} Bg5 {[%emt 0:01:03]} 63. Kg4 {[%emt 0:00:14]} Be3 {[%emt 0:00:13]} 64. Rf6+ {[%emt 0:00:23]} Kg8 {[%emt 0:00:45]} 65. Rg6+ {[%emt 0:00:38]} Kf7 {[%emt 0:00:01]} 66. f4 {[%emt 0:00:27]} Ra5 {[%emt 0:01:03]} 67. Rf6+ {[%emt 0:00:58]} Kg8 {[%emt 0:00:31]} 68. Rxh6 {[%emt 0:00:20]} Bc5 {[%emt 0:00:25]} 69. Kf5 {[%emt 0:01:28]} Bf8 {[%emt 0:00:27]} 70. Rh8+ {[%emt 0:00:25]} Kf7 {[%emt 0:00:01]} 71. h6 {[%emt 0:01:07]} Ra6 {[%emt 0:01:06]} 72. Rxf8+ {[%emt 0:00:57]} Kxf8 {[%emt 0:00:04]} 73. h7 {[%emt 0:00:03]} 1-0

[Event "FIDE Women GP Monaco 2019"]
[Site "Monaco"]
[Date "2019.12.04"]
[Round "2.4"]
[White "Kosteniuk, Alexandra"]
[Black "Goryachkina, Aleksandra"]
[Result "1-0"]
[WhiteElo "2483"]
[BlackElo "2572"]
[Annotator "ChessBase"]
[PlyCount "137"]
[EventDate "2019.12.03"]
[EventType "tourn"]
[EventCountry "MNC"]
[SourceTitle "playchess.com"]
[Source "ChessBase"]
[SourceQuality "1"]
[TimeControl "40/5400+30:1800+30"]

1. e4 {[%emt 0:00:00]} c6 {[%emt 0:00:00]} 2. Nc3 {[%emt 0:00:00]} d5 {[%emt 0:00:02]} 3. Nf3 {[%emt 0:00:00]} Bg4 {[%emt 0:00:16]} 4. h3 {[%emt 0:00:05]} Bxf3 {[%emt 0:00:11]} 5. Qxf3 {[%emt 0:00:06]} Nf6 {[%emt 0:00:21]} 6. g3 {[%emt 0:00:21]} e6 {[%emt 0:04:22]} 7. Bg2 {[%emt 0:00:19]} dxe4 {[%emt 0:03:13]} 8. Qe2 {[%emt 0:05:34]} Nbd7 {[%emt 0:06:25]} 9. Nxe4 {[%emt 0:00:12]} Nxe4 {[%emt 0:00:32]} 10. Qxe4 {[%emt 0:00:35]} Nf6 {[%emt 0:01:22]} 11. Qe2 {[%emt 0:00:17]} Bd6 {[%emt 0:05:47]} 12. b3 {[%emt 0:02:41]} a5 {[%emt 0:01:37]} 13. a4 {[%emt 0:03:03]} O-O {[%emt 0:00:53]} 14. Bb2 {[%emt 0:00:48]} Be7 {[%emt 0:00:54]} 15. O-O {[%emt 0:09:35]} Nd5 {[%emt 0:01:47]} 16. c4 {[%emt 0:16:37]} Nb4 {[%emt 0:05:10]} 17. d4 {[%emt 0:00:30]} Bf6 {[%emt 0:05:50]} 18. Rad1 {[%emt 0:00:49]} Re8 {[%emt 0:02:41]} 19. Bc3 {[%emt 0:08:26]} Qb6 {[%emt 0:05:28]} 20. Rfe1 {[%emt 0:05:57]} Na6 {[%emt 0:10:23]} 21. Qb2 {[%emt 0:04:31]} Nc7 {[%emt 0:05:52]} 22. Rd3 {[%emt 0:05:19]} Red8 {[%emt 0:06:02]} 23. Red1 {[%emt 0:01:15]} h6 {[%emt 0:01:09]} 24. Be4 {[%emt 0:08:43]} Ne8 {[%emt 0:02:41]} 25. R3d2 {[%emt 0:06:34]} Rd7 {[%emt 0:03:58]} 26. h4 {[%emt 0:00:14]} Rad8 {[%emt 0:02:25]} 27. Rd3 {[%emt 0:05:40]} Qa7 {[%emt 0:06:06]} 28. Qd2 {[%emt 0:00:30]} Nd6 {[%emt 0:00:13]} 29. Bg2 {[%emt 0:01:00]} Nf5 {[%emt 0:02:31]} 30. d5 {[%emt 0:01:45]} Bxc3 {[%emt 0:00:30]} 31. Qxc3 {[%emt 0:00:30]} cxd5 32. cxd5 {[%emt 0:00:00]} Qa6 {[%emt 0:13:28]} 33. Bf1 {[%emt 0:03:41]} Ne7 {[%emt 0:03:08]} 34. dxe6 {[%emt 0:04:26]} Qxe6 {[%emt 0:00:06]} 35. Qxa5 {[%emt 0:00:41]} Rxd3 {[%emt 0:01:01]} 36. Rxd3 {[%emt 0:00:08]} Rc8 {[%emt 0:00:49]} 37. Re3 {[%emt 0:04:02]} Qd7 {[%emt 0:00:12]} 38. Bc4 {[%emt 0:00:15]} Nc6 {[%emt 0:00:19]} 39. Qc5 {[%emt 0:01:26]} Re8 {[%emt 0:00:44]} 40. Qd5 {[%emt 0:00:10]} Rd8 {[%emt 0:00:36]} 41. Qxd7 {[%emt 0:05:58]} Rxd7 {[%emt 0:00:01]} 42. Re8+ {[%emt 0:01:39]} Kh7 {[%emt 0:00:01]} 43. h5 {[%emt 0:00:33]} g6 {[%emt 0:07:10]} 44. hxg6+ {[%emt 0:00:30]} Kxg6 {[%emt 0:00:23]} 45. Kg2 {[%emt 0:03:05]} Na5 {[%emt 0:02:22]} 46. Bb5 {[%emt 0:00:09]} Rd4 {[%emt 0:01:10]} 47. Re7 {[%emt 0:03:36]} Kg7 {[%emt 0:02:30]} 48. Rc7 {[%emt 0:02:20]} Kf8 {[%emt 0:06:33]} 49. Bc4 {[%emt 0:08:07]} Nxc4 {[%emt 0:00:46]} 50. bxc4 {[%emt 0:00:02]} b6 {[%emt 0:07:37]} 51. Rc6 {[%emt 0:00:12]} h5 {[%emt 0:01:04]} 52. Kh3 {[%emt 0:04:32]} Kg7 {[%emt 0:01:49]} 53. f4 {[%emt 0:02:32]} f6 {[%emt 0:00:01]} 54. Rxb6 {[%emt 0:04:02]} Rxc4 {[%emt 0:00:02]} 55. a5 {[%emt 0:00:04]} Ra4 {[%emt 0:00:56]} 56. a6 {[%emt 0:00:55]} Kg6 {[%emt 0:00:30]} 57. Kh4 {[%emt 0:00:06]} Ra1 {[%emt 0:01:20]} 58. g4 {[%emt 0:00:09]} hxg4 {[%emt 0:00:55]} 59. Kxg4 {[%emt 0:00:01]} Ra4 {[%emt 0:00:41]} 60. Kf3 {[%emt 0:02:07]} Kf5 {[%emt 0:01:18]} 61. Ke3 {[%emt 0:00:07]} Re4+ {[%emt 0:02:50]} 62. Kd3 {[%emt 0:00:07]} Ra4 {[%emt 0:00:19]} 63. Rc6 {[%emt 0:00:43]} Ra1 {[%emt 0:00:44]} 64. Kc4 {[%emt 0:02:30]} Kxf4 {[%emt 0:00:36]} 65. Rxf6+ {[%emt 0:00:04]} Ke5 {[%emt 0:00:04]} 66. Rh6 {[%emt 0:00:03]} Rc1+ {[%emt 0:01:37]} 67. Kb5 {[%emt 0:00:05]} Kd5 {[%emt 0:00:14]} 68. a7 {[%emt 0:00:09]} Rb1+ {[%emt 0:00:12]} 69. Ka6 {[%emt 0:00:13]} 1-0

[Event "FIDE Women GP Monaco 2019"]
[Site "Monaco"]
[Date "2019.12.04"]
[Round "2.5"]
[White "Zhao, Xue"]
[Black "Cramling, Pia"]
[Result "1/2-1/2"]
[WhiteElo "2485"]
[BlackElo "2461"]
[Annotator "ChessBase"]
[PlyCount "60"]
[EventDate "2019.12.03"]
[EventType "tourn"]
[EventCountry "MNC"]
[SourceTitle "playchess.com"]
[Source "ChessBase"]
[SourceQuality "1"]
[TimeControl "40/5400+30:1800+30"]

1. c4 {[%emt 0:00:00]} e5 {[%emt 0:00:00]} 2. Nc3 {[%emt 0:00:04]} Bb4 {[%emt 0:00:00]} 3. g3 {[%emt 0:02:31]} Bxc3 {[%emt 0:01:52]} 4. dxc3 {[%emt 0:00:59]} d6 {[%emt 0:00:34]} 5. Bg2 {[%emt 0:02:18]} Ne7 {[%emt 0:02:09]} 6. Nf3 {[%emt 0:02:25]} Nbc6 {[%emt 0:00:23]} 7. e4 {[%emt 0:02:32]} O-O {[%emt 0:01:00]} 8. Qe2 {[%emt 0:02:09]} a6 {[%emt 0:09:29]} 9. Be3 {[%emt 0:03:24]} b6 {[%emt 0:19:46]} 10. O-O-O {[%emt 0:15:05]} Qe8 {[%emt 0:00:46]} 11. b3 {[%emt 0:04:25]} f6 {[%emt 0:09:48]} 12. Nh4 {[%emt 0:02:17]} Be6 {[%emt 0:00:48]} 13. f4 {[%emt 0:02:25]} Rd8 {[%emt 0:06:22]} 14. f5 {[%emt 0:02:58]} Bf7 {[%emt 0:02:38]} 15. Rd2 {[%emt 0:05:52]} b5 {[%emt 0:04:29]} 16. c5 {[%emt 0:01:20]} d5 {[%emt 0:02:17]} 17. Rhd1 {[%emt 0:01:35]} d4 {[%emt 0:03:59]} 18. cxd4 exd4 {[%emt 0:00:08]} 19. Bf4 {[%emt 0:11:56]} Ne5 {[%emt 0:08:49]} 20. Rxd4 {[%emt 0:02:00]} Rxd4 {[%emt 0:00:05]} 21. Rxd4 {[%emt 0:00:03]} N7c6 {[%emt 0:00:07]} 22. Rd2 {[%emt 0:01:35]} Qe7 {[%emt 0:07:48]} 23. Be3 {[%emt 0:02:16]} a5 {[%emt 0:01:53]} 24. Qxb5 {[%emt 0:21:18]} Rb8 {[%emt 0:00:06]} 25. Qa6 {[%emt 0:00:15]} Qe8 {[%emt 0:04:57]} 26. Nf3 {[%emt 0:02:45]} Ra8 {[%emt 0:01:22]} 27. Qb5 Rb8 {[%emt 0:00:05]} 28. Qa6 {[%emt 0:01:42]} Ra8 {[%emt 0:00:03]} 29. Qb5 Rb8 {[%emt 0:00:06]} 30. Qa6 {[%emt 0:03:59]} Ra8 1/2-1/2

[Event "FIDE Women GP Monaco 2019"]
[Site "Monaco"]
[Date "2019.12.04"]
[Round "2.6"]
[White "Harika, Dronavalli"]
[Black "Paehtz, Elisabeth"]
[Result "1-0"]
[WhiteElo "2518"]
[BlackElo "2475"]
[Annotator "ChessBase"]
[PlyCount "101"]
[EventDate "2019.12.03"]
[EventType "tourn"]
[EventCountry "MNC"]
[SourceTitle "playchess.com"]
[Source "ChessBase"]
[SourceQuality "1"]
[TimeControl "40/5400+30:1800+30"]

1. d4 {[%emt 0:00:00]} d5 {[%emt 0:00:00]} 2. c4 {[%emt 0:00:00]} c6 {[%emt 0:00:00]} 3. Nc3 {[%emt 0:00:00]} Nf6 {[%emt 0:01:05]} 4. Nf3 {[%emt 0:00:27]} a6 {[%emt 0:01:39]} 5. Qc2 {[%emt 0:00:23]} Nbd7 {[%emt 0:04:08]} 6. cxd5 {[%emt 0:06:16]} cxd5 {[%emt 0:00:03]} 7. Bf4 {[%emt 0:00:20]} e6 {[%emt 0:00:22]} 8. e3 {[%emt 0:00:51]} b5 {[%emt 0:07:14]} 9. Bd3 {[%emt 0:05:49]} Bb7 {[%emt 0:00:05]} 10. O-O {[%emt 0:01:20]} Be7 {[%emt 0:02:52]} 11. Rfc1 {[%emt 0:08:57]} Rc8 {[%emt 0:16:00]} 12. Qb3 {[%emt 0:04:56]} O-O {[%emt 0:06:53]} 13. a4 {[%emt 0:07:18]} b4 {[%emt 0:08:35]} 14. Ne2 {[%emt 0:04:21]} Qa5 {[%emt 0:09:10]} 15. Qd1 {[%emt 0:06:06]} Ne4 16. Rxc8 {[%emt 0:00:05]} Rxc8 {[%emt 0:00:35]} 17. Nc1 {[%emt 0:10:15]} Qd8 {[%emt 0:08:51]} 18. Nb3 {[%emt 0:13:50]} g5 {[%emt 0:01:30]} 19. Be5 {[%emt 0:00:04]} f6 {[%emt 0:10:52]} 20. Bg3 {[%emt 0:00:17]} h5 {[%emt 0:00:37]} 21. h3 {[%emt 0:00:05]} Nxg3 {[%emt 0:05:40]} 22. fxg3 {[%emt 0:14:15]} Qc7 {[%emt 0:02:18]} 23. Nh2 {[%emt 0:00:07]} Qxg3 24. Nf1 {[%emt 0:00:53]} Qd6 {[%emt 0:05:22]} 25. Qxh5 Nf8 {[%emt 0:00:33]} 26. h4 {[%emt 0:06:09]} Bc6 {[%emt 0:00:46]} 27. hxg5 {[%emt 0:03:12]} Be8 28. Qh2 Qxh2+ {[%emt 0:03:26]} 29. Nxh2 {[%emt 0:00:35]} fxg5 30. a5 Ra8 {[%emt 0:01:22]} 31. Ng4 {[%emt 0:03:15]} Bg6 {[%emt 0:00:06]} 32. Bxg6 {[%emt 0:00:27]} Nxg6 {[%emt 0:00:04]} 33. Rc1 {[%emt 0:00:02]} Ra7 {[%emt 0:00:27]} 34. Rc6 {[%emt 0:01:04]} Kf7 {[%emt 0:03:15]} 35. Kf2 {[%emt 0:00:42]} Bf8 {[%emt 0:00:30]} 36. Ke2 {[%emt 0:00:52]} Be7 {[%emt 0:00:17]} 37. Kd3 {[%emt 0:01:21]} Bf8 {[%emt 0:00:18]} 38. Rb6 {[%emt 0:01:34]} Be7 {[%emt 0:01:22]} 39. Nc5 Bxc5 40. dxc5 {[%emt 0:00:34]} Ke7 {[%emt 0:01:01]} 41. Kd4 {[%emt 0:31:36]} Nh4 {[%emt 0:32:14]} 42. Ne5 {[%emt 0:00:00]} Nf5+ {[%emt 0:00:00]} 43. Kd3 {[%emt 0:00:00]} Rc7 {[%emt 0:00:00]} 44. Nc6+ {[%emt 0:00:00]} Kf6 {[%emt 0:00:00]} 45. Rxa6 {[%emt 0:00:00]} Ng3 {[%emt 0:00:00]} 46. Nd4 {[%emt 0:00:00]} Rxc5 {[%emt 0:00:00]} 47. Rxe6+ {[%emt 0:00:00]} Kf7 {[%emt 0:00:00]} 48. a6 {[%emt 0:00:00]} Ra5 {[%emt 0:00:00]} 49. Nc6 {[%emt 0:00:00]} Ra1 {[%emt 0:00:00]} 50. Re7+ {[%emt 0:00:00]} Kf6 {[%emt 0:00:00]} 51. a7 {[%emt 0:00:00]} 1-0

[Event "FIDE Women GP Monaco 2019"]
[Site "Monaco"]
[Date "2019.12.05"]
[Round "3.1"]
[White "Paehtz, Elisabeth"]
[Black "Dzagnidze, Nana"]
[Result "0-1"]
[WhiteElo "2475"]
[BlackElo "2520"]
[Annotator "ChessBase"]
[PlyCount "150"]
[EventDate "2019.12.03"]
[EventType "tourn"]
[EventCountry "MNC"]
[SourceTitle "playchess.com"]
[Source "ChessBase"]
[SourceQuality "1"]
[TimeControl "40/5400+30:1800+30"]

1. e4 {[%emt 0:00:00]} c5 {[%emt 0:00:00]} 2. Nf3 {[%emt 0:00:00]} e6 {[%emt 0:00:00]} 3. d4 {[%emt 0:00:37]} cxd4 {[%emt 0:00:00]} 4. Nxd4 {[%emt 0:00:03]} a6 {[%emt 0:00:30]} 5. Bd3 {[%emt 0:00:05]} Bc5 {[%emt 0:00:28]} 6. Nb3 {[%emt 0:00:06]} Ba7 {[%emt 0:00:05]} 7. Nc3 {[%emt 0:00:24]} Ne7 {[%emt 0:02:43]} 8. Qe2 {[%emt 0:04:34]} Nbc6 {[%emt 0:01:00]} 9. Be3 {[%emt 0:00:56]} d6 {[%emt 0:06:47]} 10. Bxa7 {[%emt 0:01:00]} Rxa7 {[%emt 0:00:05]} 11. f4 {[%emt 0:04:36]} b5 {[%emt 0:02:10]} 12. O-O {[%emt 0:01:04]} O-O {[%emt 0:13:12]} 13. Rad1 {[%emt 0:03:12]} Ng6 {[%emt 0:06:23]} 14. Qe3 {[%emt 0:05:39]} Rd7 {[%emt 0:03:58]} 15. a4 {[%emt 0:06:10]} b4 {[%emt 0:06:55]} 16. Ne2 {[%emt 0:00:20]} Re8 {[%emt 0:03:25]} 17. Kh1 {[%emt 0:01:38]} Bb7 {[%emt 0:04:21]} 18. Qf2 {[%emt 0:05:05]} Na5 {[%emt 0:07:23]} 19. Nd2 {[%emt 0:03:28]} f6 {[%emt 0:07:29]} 20. Qd4 {[%emt 0:18:05]} Nc6 {[%emt 0:00:53]} 21. Qf2 {[%emt 0:00:20]} d5 {[%emt 0:07:34]} 22. exd5 {[%emt 0:05:35]} Rxd5 {[%emt 0:00:30]} 23. Nc4 {[%emt 0:00:30]} Na5 {[%emt 0:09:13]} 24. Ne3 {[%emt 0:06:43]} Rd6 {[%emt 0:00:21]} 25. Bxg6 {[%emt 0:11:14]} hxg6 {[%emt 0:00:06]} 26. Qg3 {[%emt 0:00:02]} Nc4 {[%emt 0:05:45]} 27. Rxd6 {[%emt 0:02:33]} Nxd6 {[%emt 0:00:02]} 28. Qxg6 {[%emt 0:00:27]} Be4 {[%emt 0:01:11]} 29. Qh5 {[%emt 0:02:24]} Qb6 {[%emt 0:00:38]} 30. Qh3 {[%emt 0:04:18]} Qc5 {[%emt 0:01:09]} 31. Rd1 {[%emt 0:02:18]} Bxc2 {[%emt 0:05:08]} 32. Rc1 {[%emt 0:00:57]} b3 {[%emt 0:05:05]} 33. Nxc2 {[%emt 0:00:10]} bxc2 {[%emt 0:00:10]} 34. Nc3 {[%emt 0:06:22]} Qf2 {[%emt 0:00:46]} 35. Qd3 {[%emt 0:01:27]} Qxf4 {[%emt 0:01:14]} 36. Rxc2 {[%emt 0:00:23]} Nf5 {[%emt 0:00:38]} 37. Rd2 {[%emt 0:03:18]} a5 {[%emt 0:00:26]} 38. Rd1 {[%emt 0:00:30]} Kf7 {[%emt 0:00:34]} 39. Rf1 {[%emt 0:01:54]} Rd8 {[%emt 0:00:39]} 40. Rxf4 {[%emt 0:01:01]} Rxd3 {[%emt 0:00:03]} 41. Rc4 {[%emt 0:04:59]} Rd2 {[%emt 0:02:40]} 42. Rc7+ {[%emt 0:06:15]} Kg6 {[%emt 0:02:20]} 43. Rb7 {[%emt 0:02:47]} Nh4 {[%emt 0:09:31]} 44. Rb5 {[%emt 0:00:04]} Rxg2 {[%emt 0:01:08]} 45. Rxa5 {[%emt 0:00:04]} Rxb2 {[%emt 0:00:22]} 46. Kg1 {[%emt 0:00:06]} f5 {[%emt 0:01:13]} 47. Rc5 {[%emt 0:02:12]} e5 {[%emt 0:03:17]} 48. a5 {[%emt 0:00:18]} e4 {[%emt 0:01:10]} 49. Kf1 {[%emt 0:01:22]} Nf3 {[%emt 0:03:10]} 50. Ne2 {[%emt 0:02:01]} Nxh2+ {[%emt 0:00:34]} 51. Ke1 {[%emt 0:00:10]} Nf3+ {[%emt 0:00:13]} 52. Kf1 {[%emt 0:00:06]} Kg5 {[%emt 0:01:33]} 53. a6 {[%emt 0:00:17]} Ra2 {[%emt 0:00:28]} 54. Nc3 {[%emt 0:00:12]} Rxa6 {[%emt 0:01:13]} 55. Nxe4+ {[%emt 0:00:03]} Kf4 {[%emt 0:00:13]} 56. Nc3 {[%emt 0:00:06]} Nd2+ {[%emt 0:02:08]} 57. Ke2 {[%emt 0:00:10]} Ne4 {[%emt 0:00:12]} 58. Rc4 {[%emt 0:00:15]} g5 {[%emt 0:01:35]} 59. Nd5+ {[%emt 0:00:23]} Ke5 {[%emt 0:00:08]} 60. Nb4 {[%emt 0:00:06]} Rh6 {[%emt 0:00:50]} 61. Nd3+ {[%emt 0:00:45]} Kd5 {[%emt 0:00:05]} 62. Rc8 {[%emt 0:00:13]} Kd4 {[%emt 0:03:00]} 63. Rd8+ {[%emt 0:00:14]} Nd6 {[%emt 0:00:05]} 64. Nf2 {[%emt 0:00:17]} Ke5 {[%emt 0:01:13]} 65. Nd3+ {[%emt 0:00:06]} Ke4 {[%emt 0:00:11]} 66. Nf2+ {[%emt 0:00:10]} Kf4 {[%emt 0:00:05]} 67. Nd3+ {[%emt 0:00:28]} Kg3 {[%emt 0:00:04]} 68. Rg8 {[%emt 0:00:25]} Re6+ {[%emt 0:01:01]} 69. Kf1 {[%emt 0:00:05]} Ne4 {[%emt 0:00:40]} 70. Ra8 {[%emt 0:00:25]} f4 {[%emt 0:01:06]} 71. Ra3 {[%emt 0:00:07]} f3 {[%emt 0:00:58]} 72. Kg1 {[%emt 0:00:13]} g4 {[%emt 0:00:28]} 73. Rb3 {[%emt 0:00:12]} Ra6 {[%emt 0:00:38]} 74. Rb1 {[%emt 0:00:16]} Ra2 {[%emt 0:00:45]} 75. Re1 {[%emt 0:00:12]} f2+ {[%emt 0:00:55]} 0-1

[Event "FIDE Women GP Monaco 2019"]
[Site "Monaco"]
[Date "2019.12.05"]
[Round "3.2"]
[White "Cramling, Pia"]
[Black "Harika, Dronavalli"]
[Result "1/2-1/2"]
[WhiteElo "2461"]
[BlackElo "2518"]
[Annotator "ChessBase"]
[PlyCount "63"]
[EventDate "2019.12.03"]
[EventType "tourn"]
[EventCountry "MNC"]
[SourceTitle "playchess.com"]
[Source "ChessBase"]
[SourceQuality "1"]
[TimeControl "40/5400+30:1800+30"]

1. c4 {[%emt 0:00:00]} e6 {[%emt 0:00:00]} 2. Nc3 {[%emt 0:00:00]} d5 {[%emt 0:00:00]} 3. d4 {[%emt 0:00:01]} c6 {[%emt 0:00:00]} 4. e4 {[%emt 0:00:20]} dxe4 {[%emt 0:00:00]} 5. Nxe4 {[%emt 0:00:05]} Bb4+ {[%emt 0:00:06]} 6. Nc3 {[%emt 0:00:14]} e5 {[%emt 0:00:14]} 7. Be3 {[%emt 0:11:15]} exd4 {[%emt 0:02:11]} 8. Qxd4 {[%emt 0:00:55]} Qxd4 {[%emt 0:00:57]} 9. Bxd4 {[%emt 0:00:42]} Nf6 {[%emt 0:00:32]} 10. a3 {[%emt 0:09:34]} Be7 {[%emt 0:02:09]} 11. Nf3 {[%emt 0:00:11]} Nbd7 {[%emt 0:04:06]} 12. Bd3 {[%emt 0:05:24]} Nc5 {[%emt 0:22:01]} 13. Bc2 {[%emt 0:00:31]} Bg4 {[%emt 0:02:10]} 14. Ne5 {[%emt 0:20:19]} Rd8 {[%emt 0:02:41]} 15. Be3 {[%emt 0:00:32]} Be6 {[%emt 0:01:13]} 16. O-O {[%emt 0:01:04]} O-O {[%emt 0:02:46]} 17. Rfd1 {[%emt 0:06:35]} a6 {[%emt 0:09:03]} 18. h3 {[%emt 0:05:25]} Ncd7 {[%emt 0:04:16]} 19. Nxd7 {[%emt 0:00:23]} Nxd7 {[%emt 0:04:02]} 20. b3 {[%emt 0:01:22]} b5 {[%emt 0:02:48]} 21. cxb5 {[%emt 0:08:29]} cxb5 {[%emt 0:04:46]} 22. Nd5 {[%emt 0:06:27]} Bxd5 {[%emt 0:05:12]} 23. Rxd5 {[%emt 0:00:06]} Nf6 {[%emt 0:00:02]} 24. Rxd8 {[%emt 0:00:19]} Rxd8 {[%emt 0:00:05]} 25. a4 {[%emt 0:00:27]} Nd5 {[%emt 0:00:12]} 26. Rd1 {[%emt 0:01:56]} Nxe3 {[%emt 0:00:15]} 27. Rxd8+ {[%emt 0:00:05]} Bxd8 {[%emt 0:00:04]} 28. fxe3 {[%emt 0:00:05]} bxa4 {[%emt 0:00:04]} 29. bxa4 {[%emt 0:00:05]} a5 {[%emt 0:00:04]} 30. Kf2 {[%emt 0:00:09]} h6 {[%emt 0:00:18]} 31. Kf3 {[%emt 0:00:11]} Kf8 {[%emt 0:00:05]} 32. Ke4 1/2-1/2